Statistics for Map Outline of African Landlocked Countries

Click here to take the quiz!

General Stats

  • This quiz has been taken 695 times
  • The average score is 15 of 16

Answer Stats

Country % Correct
Niger
96%
Lesotho
96%
Mali
96%
Zambia
96%
Zimbabwe
96%
Rwanda
96%
Swaziland
95%
Chad
95%
Uganda
94%
Burundi
94%
South Sudan
92%
Malawi
92%
Central African Republic
92%
Ethiopia
92%
Burkina Faso
91%
Botswana
91%

Score Distribution

Percentile by Number Answered

Percent of People with Each Score

Your Score History

You have not taken this quiz